000 00663cam a2200253 4500
001 M1265
008 090401t1992 xxu||||| |||| 00| 0 eng d
035 _a(Sirsi) u30846
041 _aeng
050 _a333.70285
_c18
100 _aDunn, Christine
245 _aGIS and epidemiology.
260 _aLondon
_bAGI
_c1992
300 _a20p.
_c30cm.
350 _a0
490 _aAGI Education, Training and Research Committee Publication
650 _aGIS
650 _aNATIONAL HEALTH SERVICE
650 _aPUBLIC HEALTH
690 _aECONOMIC AND SOCIAL
710 _aAssociation for Geographic Information
_9166
942 _n0
948 _c04/03/1997
999 _c89519
_d89519